[Event "23rd Open"]
[Site "Schwarzach AUT"]
[Date "2008.08.21"]
[Round "6"]
[White "Braun,P"]
[Black "Zoebisch,H"]
[Result "1-0"]
[WhiteElo "2232"]
[BlackElo "2133"]

1.d4 d5 2.c4 dxc4 3.e4 e5 4.Nf3 exd4 5.Bxc4 Bb4+ 6.Nbd2 Nc6 7.O-O Nf6 8.e5 Nd5
9.a3 Be7 10.Qb3 Na5 11.Qa4+ Nc6 12.Nxd4 Nb6 13.Nxc6 Nxa4 14.Nxd8 Bxd8 15.f4 g6
16.Ne4 Nb6 17.Bb3 Be7 18.Be3 Be6 19.Bxe6 fxe6 20.Bxb6 axb6 21.Rac1 c6 22.Rcd1 Rf8
23.Nd6+ Bxd6 24.Rxd6 Ke7 25.Rfd1 Rad8 26.Rxd8 Rxd8 27.Rxd8 Kxd8 28.Kf2 Ke7
29.Kf3 b5 30.Ke4 Kf7 31.g4 Ke7 32.f5 g5 33.f6+ Kf7 34.Kd4 b6 35.Kc3 Ke8 36.Kb4 Kd7
37.b3 Ke8 38.a4 bxa4 39.bxa4 Kd7 40.Kc4 h6 41.Kb4 Ke8 42.a5 c5+ 43.Kb5  1-0

[Event "Open A"]
[Site "Vladimir RUS"]
[Date "2008.08.22"]
[Round "10"]
[White "Romanko,M"]
[Black "Skomorokhin,R"]
[Result "0-1"]
[WhiteElo "2374"]
[BlackElo "2378"]

1.d4 d5 2.c4 dxc4 3.e4 e5 4.Nf3 exd4 5.Bxc4 Bb4+ 6.Bd2 Bxd2+ 7.Nbxd2 Qf6
8.O-O Nc6 9.e5 Qg6 10.Bb5 Ne7 11.Nxd4 O-O 12.Nxc6 Nxc6 13.Bxc6 Qxc6 14.Nb3 Qb6
15.Kh1 Re8 16.Qd3 Be6 17.Qc3 Rad8 18.f4 g6 19.h3 Re7 20.Nc5 Bd5 21.Rad1 Rde8
22.Rd2 Qc6 23.Kh2 b6 24.Na6 Qxc3 25.bxc3 Bc4  0-1

[Event "5th DA Tan Malaysian Open"]
[Site "Kuala Lumpur MAS"]
[Date "2008.08.23"]
[Round "10"]
[White "Zhou Weiqi"]
[Black "Sermek,D"]
[Result "1/2-1/2"]
[WhiteElo "2556"]
[BlackElo "2509"]

1.d4 d5 2.c4 dxc4 3.e4 c5 4.d5 Nf6 5.Nc3 e6 6.Bxc4 exd5 7.exd5 Bd6 8.Nf3 O-O
9.O-O Bg4 10.h3 Bxf3 11.Qxf3 Nbd7 12.Bg5 h6 13.Bh4 Ne5 14.Qe2 Ng6 15.Bxf6 Qxf6
16.Ne4 Qd8 17.Nxd6 Qxd6 18.Rfe1 Rad8 19.Rad1 Rd7 20.Qh5 a6 21.a4 b5 22.axb5 axb5
23.Bxb5 Rb7 24.Bc4 Rxb2 25.Qf5 Rb4 26.Rc1 Rd8 27.g3 Ne7 28.Qe5 Qxe5 29.Rxe5 Kf8
30.d6 Rxd6 31.Rxc5 Rbb6 32.Ra1 g6 33.Re5 Rb7 34.g4 Rc7 35.Be2 g5  1/2-1/2

[Event "XIII Konik Morski Open A"]
[Site "Rewal POL"]
[Date "2008.08.25"]
[Round "5"]
[White "Witek,T"]
[Black "Nester,I"]
[Result "0-1"]
[WhiteElo "2125"]
[BlackElo "2385"]

1.d4 d5 2.c4 dxc4 3.e4 Nf6 4.e5 Nd5 5.Bxc4 Nb6 6.Bb3 Nc6 7.Be3 Bf5 8.e6 Bxe6
9.Bxe6 fxe6 10.Nc3 Nd5 11.Nf3 Nxc3 12.bxc3 Qd5 13.O-O g6 14.Rb1 O-O-O 15.Qa4 Bg7
16.Rb5 Qd7 17.Ng5 Rdf8 18.Qb3 Nd8 19.d5 Rf5 20.Ra5 Rxd5 21.Rxa7 Qb5 22.Qxb5 Rxb5
23.c4 Rb4 24.Ra8+ Kd7 25.a3 Rb3 26.Ne4 Kc6 27.Ng5 h6 28.Rxd8 hxg5 29.Rxh8 Bxh8
30.Bxg5 Bf6 31.Bxf6 exf6 32.h4 Rxa3 33.Re1 e5 34.f3 Rc3 35.Re4 Kd6 36.Rg4 Ke6
37.f4  0-1

[Event "X Sants Open"]
[Site "Barcelona ESP"]
[Date "2008.08.26"]
[Round "5"]
[White "Panelo,M"]
[Black "Guliyev,N"]
[Result "0-1"]
[WhiteElo "2414"]
[BlackElo "2510"]

1.d4 d5 2.c4 dxc4 3.e4 Nf6 4.e5 Nd5 5.Bxc4 Nb6 6.Bd3 Nc6 7.Be3 Be6 8.Nc3 Qd7
9.Nf3 Bc4 10.Bxc4 Nxc4 11.d5 N6xe5 12.Nxe5 Nxe5 13.Qb3 c5 14.dxc6 Nxc6 15.O-O e6
16.Rfd1 Qc8 17.Rac1 Be7 18.Nb5 Qb8 19.Nxa7 Nxa7 20.Bxa7 Rxa7 21.Qb5+ Kf8
22.Rd7 Qe8 23.Rcc7 Rxa2 24.g3 Ra1+ 25.Kg2 Rd1 26.Qxb7 Rxd7 27.Rxd7 g6 28.b4 Bf6
29.b5 Kg7 30.b6 Be5 31.Re7 Qf8 32.Qd7 Kf6 33.f4 Bb8 34.g4 Bxf4 35.h4 h6  0-1

[Event "XIII Konik Morski Open A"]
[Site "Rewal POL"]
[Date "2008.08.27"]
[Round "7"]
[White "Witek,T"]
[Black "Smirnov,Alek"]
[Result "0-1"]
[WhiteElo "2125"]
[BlackElo "2262"]

1.d4 d5 2.c4 dxc4 3.e4 Nc6 4.Nf3 Bg4 5.d5 Ne5 6.Bf4 Ng6 7.Bg3 e5 8.Bxc4 Bd6
9.Nc3 a6 10.O-O h5 11.h3 h4 12.Bh2 Bd7 13.a4 Nf6 14.a5 Nh5 15.Bb3 Kf8 16.Ba4 Bc8
17.Ne2 Qf6 18.Qd2 Bxh3 19.Ne1 Bg4 20.f3 Bc5+ 21.Kh1 Ng3+  0-1

[Event "5th LGA Premium Cup"]
[Site "Nuernberg GER"]
[Date "2008.09.05"]
[Round "2"]
[White "Huss,R"]
[Black "Zude,E"]
[Result "0-1"]
[WhiteElo "2131"]
[BlackElo "2397"]

1.d4 d5 2.c4 dxc4 3.e4 e5 4.Nf3 exd4 5.Bxc4 Nc6 6.O-O Be6 7.Bxe6 fxe6 8.Qb3 Qd7
9.Qxb7 Rb8 10.Qa6 Nf6 11.Nbd2 Bd6 12.e5 Nxe5 13.Nxe5 Bxe5 14.Nf3 Bd6 15.Qxa7 c5
16.Qa6 O-O 17.Re1 e5 18.Nxe5 Bxe5 19.Rxe5 Ng4 20.Qe6+ Qxe6 21.Rxe6 Nxf2 22.b3 Nd3
23.Re2 Rbe8 24.Rxe8 Rxe8 25.Bd2 Re2 26.Ba5 Kf7 27.a4 Ke6 28.Rd1 Nf4 29.Kf1 Ra2
30.Bd2 Nd3 31.Ke2 Ne5 32.Rc1 Kd5 33.a5 c4 34.bxc4+ Nxc4 35.Rd1 Nxa5 36.Kf3 Nc4
37.Bc3 Ne5+ 38.Kf4 Nc6 39.Bd2 Ra3 40.g4 Rd3  0-1

[Event "TCh-ESP Hon Gp2"]
[Site "Sabadell ESP"]
[Date "2008.09.07"]
[Round "5"]
[White "Eljanov,P"]
[Black "Ganguly,S"]
[Result "1/2-1/2"]
[WhiteElo "2716"]
[BlackElo "2631"]

1.d4 d5 2.c4 dxc4 3.e4 e5 4.Nf3 exd4 5.Bxc4 Nc6 6.O-O Be6 7.Bxe6 fxe6 8.Qb3 Qd7
9.Qxb7 Rb8 10.Qa6 Nf6 11.Nbd2 Bd6 12.b3 O-O 13.Bb2 e5 14.Rfc1 Nd8 15.Bxd4 exd4
16.e5 Ne6 17.exd6 cxd6  1/2-1/2

[Event "4th ch-EU"]
[Site "Liverpool ENG"]
[Date "2008.09.13"]
[Round "5"]
[White "Werle,J"]
[Black "Edouard,R"]
[Result "1-0"]
[WhiteElo "2591"]
[BlackElo "2508"]

1.d4 d5 2.c4 dxc4 3.e4 e5 4.Nf3 exd4 5.Bxc4 Nc6 6.O-O Be6 7.Bxe6 fxe6 8.Qb3 Qd7
9.Qxb7 Rb8 10.Qa6 Nf6 11.Nbd2 Bd6 12.b3 O-O 13.Bb2 e5 14.Rfc1 Ne7 15.Bxd4 exd4
16.e5 Bxe5 17.Nxe5 Qf5 18.Ndf3 Nfd5 19.Qd3 Nc3 20.Qxf5 Nxf5 21.Nd7 Ne2+ 22.Kf1 Nxc1
23.Rxc1 Rbc8 24.Nxf8 Kxf8 25.Rc5 g6 26.g4 Nh6 27.h3 d3 28.Rd5 Nf7 29.Rxd3 Ke7
30.Ke2 Nd6 31.Re3+ Kf6 32.Nd4 a5 33.a4 Ra8 34.f4 Kf7 35.Nc6 Ra6 36.Re7+ Kf6
37.g5+  1-0

[Event "61st ch-RUS HL"]
[Site "Novokuznetsk RUS"]
[Date "2008.09.13"]
[Round "10"]
[White "Klimov,A"]
[Black "Ovetchkin,R"]
[Result "1-0"]
[WhiteElo "2423"]
[BlackElo "2558"]

1.d4 d5 2.c4 dxc4 3.e4 Nf6 4.e5 Nd5 5.Bxc4 Nc6 6.Ne2 Nb6 7.Bb3 Bf5 8.Nbc3 e6
9.O-O Qd7 10.a3 O-O-O 11.Be3 f6 12.exf6 gxf6 13.Ng3 Bg6 14.Qc1 Nd5 15.Nge4 Qf7
16.Nxd5 exd5 17.Nc5 Rg8 18.Ba4 Bxc5 19.Qxc5 Bd3 20.Bxc6 Rxg2+ 21.Kxg2 Qg6+
22.Kh1 Be4+ 23.f3 Rg8 24.Bd7+ Kxd7 25.Qb5+ Kc8 26.Qe2 Bd3 27.Qd2 Bxf1 28.Rxf1 Qf5
29.Bf4 Rg7 30.Bg3 Re7 31.Kg2 h5 32.Re1 Rxe1 33.Qxe1 Qc2+ 34.Kg1 Kd7 35.Qc3 Qb1+
36.Kg2 c6 37.b4 Qa2+ 38.Kh3 Qb1 39.Qe3  1-0

[Event "4th Pichay Cup"]
[Site "Manila PHI"]
[Date "2008.09.15"]
[Round "2"]
[White "Laylo,D"]
[Black "Bancod,Ron"]
[Result "0-1"]
[WhiteElo "2504"]
[BlackElo "2375"]

1.d4 d5 2.c4 dxc4 3.e4 Nc6 4.d5 Ne5 5.Nf3 Nxf3+ 6.Qxf3 e5 7.Bxc4 Nf6 8.Nc3 Bd6
9.h3 a6 10.a4 O-O 11.O-O h6 12.Ne2 Nh7 13.g4 h5 14.Qg3 h4 15.Qd3 Re8 16.Kg2 Bd7
17.a5 Qe7 18.Bd2 Rad8 19.Qb3 Bc8 20.Rac1 Kh8 21.Bd3 Nf8 22.Rc4 Ng6 23.Rfc1 c6
24.Bb4 Qg5 25.Kf1 Bxb4 26.Qxb4 Nf4 27.Nxf4 Qxf4 28.Qe1 Bd7 29.Kg2 Bxg4 30.hxg4 h3+
31.Kxh3 Qf3+ 32.Kh2 Rd6 33.g5 cxd5 34.exd5 Qxd3 35.Rc8 Rxc8 36.Rxc8+ Kh7
37.Qxe5 Rxd5 38.Qf4 Kg6 39.Rc3 Qf5 40.Qh4 Qe5+ 41.Kg2 Rd4 42.Qh3 Qd5+ 43.Kh2 Qxa5
44.Rf3 Qe5+ 45.Kg2 Qe4 46.Kf1 Rd1+ 47.Kg2 Rd3  0-1

[Event "4th Pichay Cup"]
[Site "Manila PHI"]
[Date "2008.09.16"]
[Round "4"]
[White "Laylo,D"]
[Black "Wang Li"]
[Result "1/2-1/2"]
[WhiteElo "2504"]
[BlackElo "2392"]

1.d4 d5 2.c4 dxc4 3.e4 Nf6 4.e5 Nd5 5.Bxc4 Nc6 6.Ne2 Nb6 7.Bb3 Bf5 8.Nbc3 e6
9.O-O Be7 10.a4 a5 11.Be3 Nb4 12.Nf4 O-O 13.g4 Bg6 14.Nxg6 hxg6 15.Ne4 N6d5
16.Qd2 Qd7 17.Rad1 Rfd8 18.Qe2 Rab8 19.h4 b5 20.axb5 Qxb5 21.Bc4 Qc6 22.Bc1 Nb6
23.b3 a4 24.h5 gxh5 25.gxh5 Kh8 26.Kh2 axb3 27.Bxb3 N6d5 28.Rg1 Rg8 29.Rg3 f5
30.exf6 gxf6 31.Qd2 Bf8 32.Rdg1 Rxg3 33.Rxg3 Qd7 34.Qe2 Qf7 35.Kg2 Nc6 36.Qg4 Be7
37.Bxd5 exd5 38.Nc3 Bd6 39.Qg6 Qxg6 40.Rxg6 Rg8 41.Rxg8+ Kxg8 42.Nxd5 Nxd4
43.Nxf6+ Kf7 44.Ne4 Be7 45.Be3 Nf5 46.Kf3 Nxe3 47.Kxe3 Kg7 48.Kf4 Kh6 49.Kg4 c5
50.Nd2 Bf6 51.Nc4 Bd4 52.f4 Bc3 53.Ne5 Bb2 54.Nf7+ Kg7 55.Nd6 Kh6 56.Nf5+ Kh7
57.Ne3 Kh6 58.Nc4 Bd4 59.Ne5 Bb2 60.Kh4 Bd4 61.Nf7+ Kg7 62.Nd6 Bf6+ 63.Kg4 Kh6
64.Nf7+ Kg7 65.Nd6 Kh6 66.Kf5 Bh4 67.Kg4 Bf6 68.Nc4 Bd4 69.f5 Bc3 70.Nd6 Bb2
71.Nf7+ Kg7 72.Nd6  1/2-1/2

[Event "4th ch-EU"]
[Site "Liverpool ENG"]
[Date "2008.09.17"]
[Round "9"]
[White "Limontaite,S"]
[Black "Rausis,I"]
[Result "1/2-1/2"]
[WhiteElo "2200"]
[BlackElo "2486"]

1.d4 d5 2.c4 dxc4 3.e4 Nc6 4.Be3 Nf6 5.f3 e5 6.d5 Nd4 7.Bxd4 exd4 8.Qxd4 c6
9.Nc3 Bb4 10.Qe5+ Qe7 11.Qxe7+ Kxe7 12.dxc6 Be6 13.cxb7 Rab8 14.Ne2 Rxb7
15.Nd4 Rc8 16.Be2 Nd7 17.O-O-O Bxc3 18.bxc3 Nc5 19.Kc2 Rb6 20.Ra1 Bd7 21.Rhb1 Rh6
22.h3 Rg6 23.Bf1 Rc7 24.Rb2 Ra6 25.Bxc4 Rd6 26.Bd5 Na4 27.Rb3 Nb6 28.Nb5 Bxb5
29.Rxb5 Rg6  1/2-1/2

[Event "4th Pichay Cup"]
[Site "Manila PHI"]
[Date "2008.09.18"]
[Round "8"]
[White "Pascua,H"]
[Black "Wen Yang"]
[Result "1/2-1/2"]
[WhiteElo "2174"]
[BlackElo "2487"]

1.d4 d5 2.c4 dxc4 3.e4 Nf6 4.e5 Nd5 5.Bxc4 Nb6 6.Bb3 Nc6 7.Nf3 Bf5 8.Nc3 e6
9.O-O Be7 10.a3 Bg4 11.Be3 O-O 12.Re1 Na5 13.Bc2 Nac4 14.Be4 c5 15.dxc5 Nxe3
16.Qxd8 Rfxd8 17.cxb6 Nc4 18.Bxb7 Rab8 19.Ba6 Nxb6 20.Rac1 Na8 21.Na4 Nb6
22.Nc3 Na8 23.Na4 Nb6  1/2-1/2

[Event "Open"]
[Site "Yuzhny UKR"]
[Date "2008.09.21"]
[Round "3"]
[White "Fiodorov,M"]
[Black "Fingerov,D"]
[Result "0-1"]
[WhiteElo "2230"]
[BlackElo "2365"]

1.d4 d5 2.c4 dxc4 3.e4 e5 4.Nf3 Bb4+ 5.Bd2 Bxd2+ 6.Qxd2 exd4 7.Qxd4 Qxd4
8.Nxd4 a6 9.a4 c5 10.Nc2 Nf6 11.Nc3 Be6 12.Ne3 Nc6 13.Bxc4 Bxc4 14.Nxc4 O-O-O
15.f3 Rd4 16.Ne3 Nb4 17.O-O Rhd8 18.Rfc1 Nd3 19.Rc2 Rb4 20.Rb1 Kb8 21.b3 Nf4
22.Nc4 Rd3 23.Kf1 Nd7 24.Nb2 Rdd4 25.g3 Ne6 26.Nc4 Nb6 27.Nxb6 Rxb6 28.Nd5 Rd6
29.Nf4 Rd2 30.Rbb2 Rxc2 31.Rxc2 Nd4 32.Rc3 Rb6 33.Rxc5 Rxb3 34.Rd5 Nxf3 35.Kg2 g5
36.Ne2 g4 37.h3 Ne1+ 38.Kf1 gxh3 39.Rh5 Nf3 40.Rxh3 Ng5 41.Rh4 Re3 42.Kf2 Rxe4
43.Rh5 f6 44.a5 Re5 45.Rh6 Rxa5 46.Ke3 Re5+ 47.Kd3 Rd5+ 48.Kc4 Rd6 49.Nc3 Ka7
50.Nd5 Rc6+ 51.Kd4 f5 52.Rxc6 bxc6 53.Ne7 Kb6 54.Nxf5 Kb5 55.Kc3 Kc5 56.g4 Ne4+
57.Kb3 Kd5 58.Ne7+ Kd6 59.Nf5+ Ke5 60.Ne7 Kd6 61.Nf5+ Ke6 62.Nd4+ Kd5 63.Nf5 c5
64.Ne7+ Kd4 65.Nc6+ Kd3 66.Ne5+ Ke3 67.Nc6 Kf4 68.Nb8 Kxg4 69.Nxa6 h5 70.Nc7 h4
71.Nd5 Kf3  0-1

[Event "Zvenigorodskaya Open A"]
[Site "Zvenigorod RUS"]
[Date "2008.09.26"]
[Round "2"]
[White "Derbenev,A"]
[Black "Skomorokhin,R"]
[Result "0-1"]
[WhiteElo "2302"]
[BlackElo "2378"]

1.d4 d5 2.c4 dxc4 3.e4 e5 4.Nf3 exd4 5.Bxc4 Bb4+ 6.Nbd2 Nc6 7.O-O Nf6 8.Qb3 O-O
9.e5 Nd7 10.Bxf7+ Kh8 11.e6 Nc5 12.Qc4 b5 13.Qxb5 Rb8 14.Qxc6 Bb7 15.Ne5 Bxc6
16.Nxc6 Qf6 17.Nf3 Nxe6 18.Bxe6 Qxe6 19.Nxb8 c5 20.a3 Ba5 21.b4 Bc7 22.Re1 Qg6
23.Nd7 Rxf3 24.Ne5 Bxe5 25.Rxe5 Rxf2 26.g3 Rc2 27.bxc5 Qc6  0-1

[Event "17th CRO-chT 1a"]
[Site "Sibenik CRO"]
[Date "2008.09.30"]
[Round "4"]
[White "Kuljasevic,D"]
[Black "Sermek,D"]
[Result "1-0"]
[WhiteElo "2501"]
[BlackElo "2509"]

1.d4 d5 2.c4 dxc4 3.e4 c5 4.d5 Nf6 5.Nc3 e6 6.Bxc4 exd5 7.exd5 Bd6 8.Qe2+ Kf8
9.h3 a6 10.a4 Bf5 11.Nf3 h6 12.O-O Nbd7 13.Bd3 Bxd3 14.Qxd3 Ne5 15.Nxe5 Bxe5
16.Be3 Rc8 17.Rfd1 Bd6 18.a5 g6 19.Na4 Nd7 20.b3 Kg7 21.Qd2 Qf6 22.Rac1 g5
23.Nb2 Qe5 24.g3 Qf5 25.Nc4 Bb8 26.Kg2 Rhe8 27.Qc2 Qe4+ 28.Qxe4 Rxe4 29.Bd2 f5
30.Bc3+ Kg6 31.d6 Kf7 32.Rc2 Rd8 33.Rd5 Ke6 34.Rcd2 h5 35.Rd1 Re2 36.g4 hxg4
37.hxg4 fxg4 38.Ne3 Rf8 39.Nxg4 Rf5 40.R5d3 Rf4 41.Kf1 Ree4 42.f3 c4 43.bxc4 Rf8
44.Nf2 Rxc4 45.Re1+ Kf5 46.Rd5+ Kg6 47.Re6+ Kh5 48.Bg7 Kh4 49.Kg2  1-0

[Event "17th CRO-chT 1a"]
[Site "Sibenik CRO"]
[Date "2008.09.30"]
[Round "4"]
[White "Postny,E"]
[Black "Lalic,B"]
[Result "1-0"]
[WhiteElo "2661"]
[BlackElo "2533"]

1.d4 d5 2.c4 dxc4 3.e4 Nc6 4.Nf3 Bg4 5.d5 Ne5 6.Bf4 Ng6 7.Be3 e5 8.Bxc4 Nf6
9.Nc3 a6 10.O-O Bd6 11.Be2 b5 12.Nd2 Bd7 13.a3 O-O 14.b4 c6 15.Nb3 cxd5 16.exd5 e4
17.Nc5 Re8 18.g3 Be5 19.Bd4 Bh3 20.Re1 Nxd5 21.Bxe5 Rxe5 22.N3xe4 Qb6 23.Bf1 Bf5
24.Bg2 Rd8 25.Ng5 Ne3 26.Qh5 Nxg2 27.Qxh7+ Kf8 28.Rxe5 Qf6 29.Rxf5 Qxf5 30.Qh5 Rd5
31.Nh7+ Kg8 32.Qxf5 Rxf5 33.Kxg2 a5 34.Ne4 Kxh7 35.bxa5 Re5 36.Nc3 Rc5 37.Ne4 Re5
38.Nc3 Rc5 39.Na2 Ne5 40.Nb4 Nc4 41.a6 Rc7 42.a4  1-0

[Event "1st WMSG Rapid Ind"]
[Site "Beijing CHN"]
[Date "2008.10.05"]
[Round "1"]
[White "Adianto,U"]
[Black "Socko,B"]
[Result "1-0"]
[WhiteElo "2554"]
[BlackElo "2631"]

1.d4 d5 2.c4 dxc4 3.e4 e5 4.Nf3 Bb4+ 5.Nc3 exd4 6.Nxd4 Ne7 7.Bxc4 O-O 8.O-O Nbc6
9.Ndb5 Ba5 10.Bf4 Bd7 11.Nd5 Nxd5 12.exd5 Nb4 13.Nc3 Qf6 14.Bg3 Rad8 15.a3 Na6
16.Rc1 Bf5 17.b4 Bb6 18.Qf3 Nb8 19.Na4 c6 20.Nxb6 axb6 21.Bc7 Rd7 22.Bxb6 cxd5
23.Bxd5 Qxb6 24.Qxf5 Rfd8 25.Be4 g6 26.Qc5 Qe6 27.Bf3 b6 28.Qb5 Rd3 29.a4 Kg7
30.Rfe1 Qb3 31.Qe5+ Kg8 32.Be2 R3d5 33.Qe7 R5d7 34.Qf6 Qxb4 35.Bb5 Qd4 36.Qf3 Rd6
37.h3 Nd7 38.Rcd1 Ne5 39.Qb7 Qxd1 40.Rxd1 Rxd1+ 41.Kh2 R1d6 42.Qc7 g5 43.Qe7 f6
44.g3 Kh8 45.Kg2 Ng6 46.Qc7 Ne5 47.Qe7 Ng6 48.Qf7 Ne5 49.Qc7 Ng6 50.Bc6 Ne5
51.Bb5 Ng6 52.Qb7 Ne5 53.Qe7 Ng6 54.Qc7 Ne5 55.Be8 Kg8 56.Qe7 Ng6 57.Qf7+ Kh8
58.h4 gxh4 59.f4 f5 60.Bb5 hxg3 61.Kxg3 Rf8 62.Qc7 Rd4 63.Qxb6 Rxf4 64.a5 Rg4+
65.Kf2 Rf4+ 66.Ke3 Re4+ 67.Kd2 Rf7 68.a6 Ree7 69.Bc4 Rd7+ 70.Kc3 Rc7 71.Qd4+ Kg8
72.a7  1-0

[Event "Chigorin Memorial"]
[Site "St Petersburg RUS"]
[Date "2008.10.07"]
[Round "5"]
[White "Ionov,S"]
[Black "Biriukov,O"]
[Result "1-0"]
[WhiteElo "2543"]
[BlackElo "2374"]

1.d4 d5 2.c4 dxc4 3.e4 e5 4.Nf3 exd4 5.Bxc4 Bb4+ 6.Nbd2 Nc6 7.O-O Nf6 8.e5 Nd5
9.a3 Bxd2 10.Bxd2 O-O 11.Qc2 Nde7 12.Rfe1 h6 13.b4 a6 14.a4 Bg4 15.Qb3 Qd7
16.e6 fxe6 17.b5 axb5 18.axb5 Rxa1 19.Rxa1 Kh8 20.bxc6 Nxc6 21.Nh4 Qf7 22.Qg3 Ne5
23.Bb5 c5 24.f4  1-0

[Event "24th ECC"]
[Site "Kallithea GRE"]
[Date "2008.10.17"]
[Round "1"]
[White "Golod,V"]
[Black "Sisatto,O"]
[Result "1/2-1/2"]
[WhiteElo "2584"]
[BlackElo "2283"]

1.d4 d5 2.c4 dxc4 3.e4 Nc6 4.Nf3 Bg4 5.d5 Ne5 6.Bf4 Ng6 7.Be3 Nf6 8.Nc3 e5
9.Bxc4 a6 10.Be2 Bd6 11.O-O O-O 12.Nd2 Bd7 13.a3 b5 14.b4 Nf4 15.Bf3 g5 16.Nb3 Kh8
17.Nc5 Bc8 18.a4 bxa4 19.Rxa4 Rg8 20.Re1 Qf8 21.Ra5 Qh6 22.b5 g4 23.Be2 Bxc5
24.Bxc5 Nxg2 25.Qc1 Nf4 26.Bf1 Rg5 27.Qe3 g3 28.fxg3 Ng4 29.Qd2 Nxh2 30.Qxh2 Rh5
31.Qxh5 Nxh5 32.Bf2 Nxg3 33.Bxg3 Qb6+ 34.Kh2 Qxa5 35.Bxe5+ Kg8 36.Be2 Qb6
37.Rg1+ Kf8 38.Bg7+ Ke8 39.Rg2 axb5 40.e5 Qe3 41.Bf6 Qf4+ 42.Kg1 Ra1+ 43.Nd1 Qe3+
44.Kh2 Qh3+ 45.Kg1 Qe3+ 46.Kh2 Qh3+ 47.Kg1 Qe3+  1/2-1/2

[Event "TCh-BEL 2008-9"]
[Site "Belgium BEL"]
[Date "2008.10.19"]
[Round "2"]
[White "Van der Stricht,G"]
[Black "Levin,F"]
[Result "1-0"]
[WhiteElo "2380"]
[BlackElo "2536"]

1.d4 d5 2.c4 dxc4 3.e4 e5 4.Nf3 exd4 5.Bxc4 Bb4+ 6.Nbd2 Nc6 7.O-O Nf6 8.e5 Nd5
9.Nb3 Nb6 10.Bb5 Qd5 11.Nfxd4 O-O 12.Nxc6 Qxb5 13.Nxb4 Qxb4 14.Be3 Qe4 15.Re1 Qg6
16.Rc1 c6 17.Bc5 Re8 18.Rc3 Nd5 19.Rg3 Qh6 20.Ba3 b6 21.Nd4 Bd7 22.b3 f5
23.e6 Bxe6 24.Rxe6 Rxe6 25.Nxf5 Qh5 26.Rxg7+ Kh8 27.g4 Qh3 28.Bb2 Nc3 29.Rxa7  1-0

[Event "24th ECC"]
[Site "Kallithea GRE"]
[Date "2008.10.19"]
[Round "3"]
[White "Thorfinnsson,Br"]
[Black "Bakalarz,M"]
[Result "1-0"]
[WhiteElo "2383"]
[BlackElo "2330"]

1.d4 d5 2.c4 dxc4 3.e4 e5 4.Nf3 exd4 5.Bxc4 Nc6 6.O-O Bc5 7.Ng5 Nh6 8.Nxf7 Nxf7
9.Bxf7+ Kxf7 10.Qh5+ g6 11.Qxc5 Qe7 12.Qxe7+ Nxe7 13.Bf4 c5 14.Rc1 b6 15.b4 Bb7
16.Nd2 Rac8 17.bxc5 bxc5 18.f3 Rhd8 19.Nc4 Ke6 20.Rab1 Ba6 21.Rb3 Nc6 22.Ra3 Bxc4
23.Rxc4 d3 24.Bd2 Ne5 25.Rc1 Rd7 26.Rac3 Rb7 27.Kf2 Rb2 28.Ke3 Rxa2 29.Rxc5 Rb8
30.h3 g5 31.Ra5 Rxa5 32.Bxa5 Rb2 33.Bd2 h5 34.Rc5 Rc2 35.Rxc2 dxc2 36.Kd4 g4
37.hxg4 Nxf3+ 38.gxf3 h4 39.Ke3 a5 40.f4 Kd6  1-0

[Event "24th ECC"]
[Site "Kallithea GRE"]
[Date "2008.10.21"]
[Round "5"]
[White "Salama,O"]
[Black "Bucinskas,V"]
[Result "1/2-1/2"]
[WhiteElo "2258"]
[BlackElo "2325"]

1.d4 d5 2.c4 dxc4 3.e4 Nf6 4.e5 Nd5 5.Bxc4 Nb6 6.Bd3 Nc6 7.Be3 Be6 8.Nc3 f5
9.exf6 exf6 10.Qh5+ Bf7 11.Qh3 g6 12.Nge2 Nb4 13.Bb1 Qd7 14.Qf3 N4d5 15.O-O O-O-O
16.Ne4 Be7 17.Nc5 Bxc5 18.dxc5 Nc4 19.Bc1 Rhe8 20.Nf4 Qc6 21.Qh3+ Kb8 22.b3 Nxf4
23.Bxf4 Nd2 24.Rc1 Nxb1 25.Raxb1 h5 26.b4 Qe4 27.Qg3 Re7 28.h4 Rd3 29.Rd1 Rxd1+
30.Rxd1 Kc8 31.a3 Qe2 32.Qd3 Qxd3 33.Rxd3  1/2-1/2

[Event "WYCC Boys U16"]
[Site "Vung Tau City VIE"]
[Date "2008.10.22"]
[Round "3"]
[White "Pascua,H"]
[Black "Kocheev,A"]
[Result "1-0"]
[WhiteElo "2307"]
[BlackElo "2114"]

1.d4 d5 2.c4 dxc4 3.e4 Nf6 4.e5 Nd5 5.Bxc4 Nb6 6.Bb3 Nc6 7.Nf3 Bf5 8.O-O e6
9.Nc3 Qd7 10.Be3 O-O-O 11.Qe2 Nb4 12.Rfd1 N4d5 13.Bd2 Be7 14.a4 Nb4 15.a5 N6d5
16.Nxd5 exd5 17.a6 b6 18.Ba4 Qe6 19.Bb5 Kb8 20.Rdc1 Nc2 21.Ra4 Qg6 22.Bf4 Be4
23.Bg3 h5 24.h4 Rhf8 25.e6 Bd6 26.Bd7 fxe6 27.Qb5 Nxd4 28.Rxd4 Bxg3  1-0

[Event "WYCC Girls U18"]
[Site "Vung Tau City VIE"]
[Date "2008.10.22"]
[Round "3"]
[White "Nakhbayeva,G"]
[Black "Kozarski,L"]
[Result "1-0"]
[WhiteElo "2201"]
[BlackElo "1714"]

1.d4 d5 2.c4 dxc4 3.e4 c5 4.d5 e6 5.Bxc4 exd5 6.exd5 Nf6 7.Bf4 Bd6 8.Qe2+ Kf8
9.Be3 Bf5 10.Nc3 Nbd7 11.Nf3 Bg4 12.O-O-O b6 13.h3 Bxf3 14.Qxf3 Ne5 15.Qe2 Nxc4
16.Qxc4 h6 17.g4 Qd7 18.Rhe1 Nh7 19.Bf4 g5 20.Bxd6+ Qxd6 21.Nb5 Qd8 22.d6 Kg7
23.Re7 Rf8 24.Nc7  1-0

[Event "Vasylyshyn Mem"]
[Site "Lviv UKR"]
[Date "2008.10.23"]
[Round "4"]
[White "Vovk,Y"]
[Black "Nyzhnyk,I"]
[Result "1/2-1/2"]
[WhiteElo "2549"]
[BlackElo "2444"]

1.d4 d5 2.c4 dxc4 3.e4 e5 4.Nf3 exd4 5.Bxc4 Nc6 6.O-O Be6 7.Bxe6 fxe6 8.Qb3 Qd7
9.Qxb7 Rb8 10.Qa6 Nf6 11.Nbd2 Be7 12.b3 O-O 13.Bb2 e5 14.Rac1 Rb6 15.Qd3 Kh8
16.Nc4 Rb5 17.a4 Rc5 18.Ba3 Rxc4 19.bxc4 Bxa3 20.Qxa3 Rd8 21.Rfe1 Qe6 22.Qc5 Nd7
23.Qd5 Qf6 24.Rb1 Nb6 25.Qb5 h6 26.c5 Nd7 27.Rec1 Nf8 28.Qd3 Ne6 29.g3 Rf8
30.Rb3 Qg6 31.Kh1 Qg4 32.Qe2 Ng5 33.Nxd4 Qxe2 34.Nxe2 Rxf2 35.Ng1 Nd4 36.Rb8+ Kh7
37.Rcb1 Nxe4 38.R8b2 Rf6 39.Rb7 Ra6 40.Rxc7 Rxa4 41.Rbb7 Ne6 42.Rxa7 Rc4
43.Re7 N4xc5 44.Ra2 e4 45.Ne2 Kg6 46.Kg2 Kf6 47.Rea7 Rb4 48.Nc3 Rd4 49.Rf2+ Kg6
50.Re2 Kf6 51.Ra8 Kg6 52.Rc8 Kf6 53.Rb8 Kg6 54.Rb1 Kf6 55.Rf1+ Kg6 56.Rff2 Kh7
57.Rf5 Rc4 58.Re3 Nd4 59.Rf2 Nd3 60.Rxe4 Nxf2 61.Kxf2 Rxc3 62.Rxd4  1/2-1/2

[Event "TCh-CHN Torch Real Estate Cup"]
[Site "Jiangsu Wuxi CHN"]
[Date "2008.10.30"]
[Round "12"]
[White "Ju Wenjun"]
[Black "Ding Yixin"]
[Result "1-0"]
[WhiteElo "2374"]
[BlackElo "2292"]

1.d4 d5 2.c4 dxc4 3.e4 Nf6 4.e5 Nd5 5.Bxc4 Nc6 6.Ne2 Be6 7.Bb5 Qd7 8.Nbc3 a6
9.Ba4 Nb6 10.Bc2 g6 11.O-O Bg7 12.Be3 Rd8 13.Qc1 O-O 14.Rd1 Bd5 15.Nxd5 Nxd5
16.Ba4 b5 17.Bb3 e6 18.Bxd5 Qxd5 19.Nc3 Qd7 20.Ne4 Qd5 21.f3 Qc4 22.Qxc4 bxc4
23.Rac1 Na5 24.Nc5 Rd5 25.Nxa6 Rc8 26.Rd2 Bf8 27.Kf2 Be7 28.Ke2 c6 29.Rdc2 Rcd8
30.Bd2 R8d7 31.Bxa5 Rxa5 32.Nb8 Rb7 33.Nxc6 Rxa2 34.Nxe7+ Rxe7 35.Rxc4 Rxb2+
36.R1c2 Reb7 37.Kd3 Rb1 38.Rc1 R1b2 39.R1c2 R2b3+ 40.Ke2 Ra7 41.Rd2 Kg7 42.Rc6 Rd7
43.Rc4 Ra3 44.Kf2 Kh6 45.Kg3 Kg5 46.h4+ Kf5 47.Re2 g5 48.hxg5 Kxg5 49.Re4 h5
50.Rc8 Rd3 51.Rg8+ Kh6 52.Rh4 R7xd4 53.Rh8+ Kg6 54.R4xh5 Re3 55.Kf2 Ra3 56.Rh2 Kg7
57.R8h7+ Kf8 58.Rh8+ Kg7 59.R8h5 Ra5 60.Rg5+ Kf8 61.Rh7 Ke7 62.Kg3 Rd8 63.Rgg7 Rf8
64.f4 Ra2 65.Kh4 Rf2 66.Kg3 Ra2 67.Kh3 Ra1 68.Kg4 Ra4 69.Kg5 Ra5 70.g3 Ra3
71.g4 Ra4 72.Rh6 Re4 73.Rf6 Re3 74.Rh7 Re1 75.Kh6 Rg1 76.g5 Ke8 77.Kg7 Ra1
78.Rh2  1-0

[Event "SenWM"]
[Site "Bad Zwischenahn GER"]
[Date "2008.11.02"]
[Round "6"]
[White "Butnorius,A"]
[Black "Donchenko,An"]
[Result "1-0"]
[WhiteElo "2438"]
[BlackElo "2373"]

1.d4 d5 2.c4 dxc4 3.e4 e5 4.Nf3 exd4 5.Bxc4 Bb4+ 6.Nbd2 Nc6 7.O-O Nf6 8.e5 Nd5
9.Nb3 Nb6 10.Bb5 Bd7 11.Bg5 Be7 12.Bxe7 Qxe7 13.Bxc6 Bxc6 14.Nfxd4 Bd5 15.Qg4 g6
16.f4 c5 17.Nf3 Be6 18.Qg3 O-O 19.Ng5 Bxb3 20.axb3 f6 21.exf6 Qxf6 22.Qh3 h5
23.Qf3 Qd4+ 24.Kh1 Qd5 25.Qg3 Qf5 26.b4 c4 27.b3 Rad8 28.bxc4 Rd3 29.Qe1 Nxc4
30.Qe7 Rd7 31.Qe2 b5 32.h3 Rd2 33.Qe7 Rd7 34.Qe2 Rd2 35.Qf3 Rd3 36.Qe2 Rd2
37.Qf3 Rd3 38.Qf2 Ne3 39.Qa2+ Qd5 40.Qxd5+ Rxd5 41.Rf3 Re8 42.Re1 Rd1 43.Rxd1 Nxd1
44.Ra3 Re1+ 45.Kh2  1-0

[Event "TCh-HUN 2008-9"]
[Site "Budapest HUN"]
[Date "2008.11.02"]
[Round "2"]
[White "Ilincic,Z"]
[Black "Varga,Zo"]
[Result "1/2-1/2"]
[WhiteElo "2542"]
[BlackElo "2494"]

1.d4 d5 2.c4 dxc4 3.e4 e5 4.Nf3 exd4 5.Bxc4 Bb4+ 6.Bd2 Bxd2+ 7.Nbxd2 Nc6
8.O-O Qf6 9.Bb5 Ne7 10.e5 Qf4 11.Re1 Bg4 12.g3 Qh6 13.Rc1 O-O  1/2-1/2

[Event "Russia Cup Final"]
[Site "Serpuhov RUS"]
[Date "2008.11.05"]
[Round "1.1"]
[White "Korobkov,P"]
[Black "Vorobiov,E"]
[Result "1-0"]
[WhiteElo "2509"]
[BlackElo "2577"]

1.d4 d5 2.c4 dxc4 3.e4 e5 4.Nf3 exd4 5.Bxc4 Nc6 6.O-O Be6 7.Bb5 Bc5 8.b4 Bb6
9.a4 a6 10.Bxc6+ bxc6 11.a5 Ba7 12.Bb2 Qd6 13.Qc2 Rb8 14.Qd3 c5 15.bxc5 Bxc5
16.Bxd4 Rd8 17.Ra4 Bd7 18.Qc3 Bxa4 19.Bxc5 Qf6 20.Bd4 Rxd4 21.Nxd4 Ne7 22.e5 Qf4
23.Qc5 Bd7 24.Nc3 c6 25.g3 Qg4 26.Rb1 h5 27.Rb8+ Nc8 28.Nxc6 Qe6 29.Nd5  1-0

[Event "38th Olympiad w"]
[Site "Dresden GER"]
[Date "2008.11.20"]
[Round "7"]
[White "Igla,B"]
[Black "Tetenkina,I"]
[Result "1-0"]
[WhiteElo "2254"]
[BlackElo "2243"]

1.d4 d5 2.c4 dxc4 3.e4 Nf6 4.e5 Nd5 5.Bxc4 Nb6 6.Bd3 Nc6 7.Be3 Be6 8.Nf3 Qd7
9.O-O Bc4 10.Bxc4 Nxc4 11.Qb3 Nb6 12.Nc3 e6 13.Rad1 O-O-O 14.a3 h6 15.Qc2 Nd5
16.Ne4 b6 17.b4 f5 18.exf6 gxf6 19.Rc1 Kb7 20.Bd2 a6 21.Rb1 f5 22.Nc3 Nxc3
23.Bxc3 Bg7 24.Rfc1 Qd5 25.a4 b5 26.axb5 axb5 27.Nd2 Rhg8 28.g3 Kb6 29.Nb3 h5
30.Bd2 Rd7 31.Nc5 Rdd8 32.Nxe6 Rd6 33.Nf4 Qe4 34.Qc5+ Kb7 35.Qxb5+ Kc8 36.Ra1 Bxd4
37.Ra8+ Kd7 38.Rxg8 Bxf2+ 39.Kxf2 Rxd2+ 40.Ne2  1-0